| 000 | 00688nam a2200253Ia 4500 | ||
|---|---|---|---|
| 003 | OSt | ||
| 005 | 20221005083315.0 | ||
| 006 | a|||||r|||| 00| 0 | ||
| 007 | ta | ||
| 008 | 221004b |||||||| |||| 00| 0 urd d | ||
| 020 | _c400 | ||
| 024 | _a26840 | ||
| 037 |
_b4629, 31/12/2015, Kitabi Duniya _cTextual |
||
| 040 |
_aCRL _cCRL _burd |
||
| 041 |
_2urd _aurd |
||
| 082 | _az, 168P7.1 | ||
| 100 | _aAhmad Sahil | ||
| 245 | 0 | _aMera kutub khana | |
| 260 |
_aNew Delhi _bUrdu Book Review India _c2007 |
||
| 300 |
_a606p. _ccm. |
||
| 650 | _aGENERALIA | ||
| 942 |
_hz, 168P7.1 _cTEXL _2cc |
||
| 999 |
_c990646 _d990646 |
||